Von Gottsched bis Schiller : Vorträge über die classische Zeit des deutschen Drama´s. Th. 1 /

Hlavní autor: Bayer, Josef, 1827-1910
Jazyk: Němčina
Vydáno: Prag : H. Mercy, 1869
Vydání: 2. Ausg.
Témata:
Fyzický popis: 6, 338 s.
Knihy
Uloženo v:
LEADER 00703nam a2200217 a 4500
001 000677700
003 CZ BrMZK
005 20091019141758.0
007 ta
008 030714s1869 xr f ger d
040 |a BOA001  |b cze  |c BOA001 
100 1 |a Bayer, Josef,  |d 1827-1910  |7 mzk2009544006  |4 aut 
245 1 0 |a Von Gottsched bis Schiller :  |b Vorträge über die classische Zeit des deutschen Drama´s.  |n Th. 1 /  |c Josef Bayer 
250 |a 2. Ausg. 
260 |a Prag :  |b H. Mercy,  |c 1869 
300 |a 6, 338 s. 
910 |a BOA001  |b 1-0027.519,1 
964 |a Bohemika - stol. 19. 
990 |a BK 
993 |a Y 
996 6 |b 2619241693  |c 1-0027.519,1  |l MZK  |r Sklad / do 1 hodiny  |n 1  |w 000677700  |u 000020  |a 1  |e BOA001  |j MZK50  |s P